000 00942nas a2200301 4500
001 BR2014007412
003 BR-BrBNA
005 20231205124734.0
007 ta
008 230509b bl.|||p| |||| 00| 00por d
040 _aBR-BrBNA
_bpor
_cBiblioteca Nacional de Agricultura
041 _a(Pt)
072 _aQ03; Q04
100 1 _aFalkowski, G.J.S.
100 1 _aJacomassi, E.
100 1 _aTakemura, O.S.
245 1 _aQualidade e autenticidade de amostras de chá de camomila (Matricaria recutita L. - Asteraceae)
650 _aCAMOMILA
650 _aPLANTA AROMÁTICA
650 _aQUALIDADE
650 _aCOMERCIALIZAÇÃO
650 _aANÁLISE ORGANOLÉPTICA
650 _aCONTROLE DE QUALIDADE
650 _aLEGISLAÇÃO
773 0 _tRevista do Instituto Adolfo Lutz (Brazil)
_xISSN 0073-9855
_g(Jan-Apr 2009), v. 68(1) p. 64-72
_wBR2014007412
909 _a202311
_bLúcia
_c55
_dLúcia Elande
942 _2AGRIS
_n0
_cANA
999 _c240649
_d240649